Caution! : (Record no. 36032)
[ view plain ]
| 000 -LEADER | |
|---|---|
| fixed length control field | 00484nam a22001697a 4500 |
| 005 - DATE AND TIME OF LATEST TRANSACTION | |
| control field | 20240704111326.0 |
| 008 - FIXED-LENGTH DATA ELEMENTS--GENERAL INFORMATION | |
| fixed length control field | 240704b |||||||| |||| 00| 0 eng d |
| 020 ## - INTERNATIONAL STANDARD BOOK NUMBER | |
| ISBN | 97807645721385 |
| 082 ## - DEWEY DECIMAL CLASSIFICATION NUMBER | |
| Classification number | 005.8 |
| Item number | MCC-C |
| 100 ## - MAIN ENTRY--AUTHOR | |
| Author Name | Mccullough, Jack |
| 245 ## - TITLE STATEMENT | |
| Title | Caution! : |
| Remainder of title | Wireless networking preventing a data disaster / |
| Statement of responsibility, etc. | Jack Mccullough |
| 260 ## - PUBLICATION, DISTRIBUTION, ETC. | |
| Place of Publication | USA: |
| Name of publisher, distributor, etc. | Wiley; |
| Date of publication, distribution, etc. | 2004. |
| 300 ## - PHYSICAL DESCRIPTION | |
| Pages | xix, 269 p. : |
| 500 ## - GENERAL NOTE | |
| General note | include index. |
| 650 ## - SUBJECT ADDED ENTRY--TOPICAL TERM | |
| Subject / Department | Networking |
| 300 ## - PHYSICAL DESCRIPTION | |
| -- | ill; |
| -- | 23 cm. |
| 952 ## - LOCATION AND ITEM INFORMATION (KOHA) | |
| -- | 0 |
| -- | 0 |
| 952 ## - LOCATION AND ITEM INFORMATION (KOHA) | |
| -- | 0 |
| -- | 0 |
| 952 ## - LOCATION AND ITEM INFORMATION (KOHA) | |
| -- | 0 |
| -- | 0 |
| 952 ## - LOCATION AND ITEM INFORMATION (KOHA) | |
| -- | 0 |
| -- | 0 |
| Lost status | Damaged status | Collection code | Permanent Location | Current Location | Shelving Location | Date acquired | Full Call Number | Accession No./Barcode | Date last seen | Copy number | item type | Koha item type |
|---|---|---|---|---|---|---|---|---|---|---|---|---|
| CS/IT | Superior Information Resource Center (SIRC) Superior University- Gold Campus | Superior Information Resource Center (SIRC) Superior University- Gold Campus | Networking | 07/04/2024 | 005.8 MCC-C 2004 | 17716 | 07/04/2024 | 1 | BOOK | BOOK | ||
| CS/IT | Superior Information Resource Center (SIRC) Superior University- Gold Campus | Superior Information Resource Center (SIRC) Superior University- Gold Campus | Networking | 07/04/2024 | 005.8 MCC-C 2004 | 17717 | 07/04/2024 | 2 | BOOK | BOOK | ||
| CS/IT | Superior Information Resource Center (SIRC) Superior University- Gold Campus | Superior Information Resource Center (SIRC) Superior University- Gold Campus | Networking | 07/04/2024 | 005.8 MCC-C 2004 | 17718 | 07/04/2024 | 3 | BOOK | BOOK | ||
| CS/IT | Superior Information Resource Center (SIRC) Superior University- Gold Campus | Superior Information Resource Center (SIRC) Superior University- Gold Campus | Networking | 07/04/2024 | 005.8 MCC-C 2004 | 17912 | 07/04/2024 | 4 | BOOK | BOOK |
